[Event "Centrocoop Sept op-A"]
[Site "Eforie Nord"]
[Date "1998.??.??"]
[Round "?"]
[White "Sofronie, Iulian"]
[Black "Florescu, Codrut-Constantin"]
[Result "1-0"]
[WhiteElo "2405"]
[BlackElo "2320"]
[PlyCount "55"]
[EventDate "1998.09.??"]
[EventType "swiss"]
[EventRounds "11"]
[EventCountry "ROM"]

1. e4 c5 2. Nf3 e6 3. d3 d5 4. Qe2 Nf6 5. g3 Nc6 6. Bg2 Be7 7. O-O O-O 8. e5
Nd7 9. h4 h6 10. c4 d4 11. Nbd2 Qc7 12. Re1 Rb8 13. Nf1 a6 14. g4 b5 15. b3
bxc4 16. bxc4 Nb6 17. a4 Nb4 18. Bf4 a5 19. Ng3 Bd7 20. Qd2 Rfd8 21. Nh5 Bf8
22. g5 Bxa4 23. gxh6 g6 24. Nf6+ Kh8 25. h5 gxh5 26. Bg5 Nc2 27. Qf4 Nxe1 28.
Qe4 1-0

[Event "Techirghiol"]
[Site "Techirghiol"]
[Date "1998.??.??"]
[Round "?"]
[White "Bogdan , Dan"]
[Black "Florescu, Codrut-Constantin"]
[Result "1/2-1/2"]
[WhiteElo "2400"]
[BlackElo "2320"]
[PlyCount "23"]
[EventDate "1998.09.??"]
[EventType "tourn"]
[EventRounds "13"]
[EventCountry "ROM"]

1. Nf3 Nf6 2. g3 g6 3. Bg2 Bg7 4. O-O O-O 5. d4 d5 6. c4 c6 7. cxd5 cxd5 8. Nc3
Nc6 9. Bg5 Bg4 10. h3 Bxf3 11. Bxf3 h6 12. Bxf6 1/2-1/2

[Event "Techirghiol"]
[Site "Techirghiol"]
[Date "1998.??.??"]
[Round "?"]
[White "Florescu, Codrut-Constantin"]
[Black "Ivanova, Svetlana"]
[Result "1/2-1/2"]
[WhiteElo "2320"]
[BlackElo "2225"]
[PlyCount "46"]
[EventDate "1998.09.??"]
[EventType "tourn"]
[EventRounds "13"]
[EventCountry "ROM"]

1. e4 c6 2. c4 d5 3. exd5 cxd5 4. cxd5 Nf6 5. Nc3 Nxd5 6. Nf3 Nxc3 7. bxc3 g6
8. d4 Bg7 9. Bd3 Nc6 10. O-O O-O 11. Re1 b6 12. Be4 Bb7 13. Bf4 e6 14. Rc1 Qd7
15. h4 Rad8 16. h5 Ne7 17. hxg6 Nxg6 18. Bg5 Bxe4 19. Rxe4 f6 20. Bd2 e5 21.
Re1 Rfe8 22. Qb3+ Qf7 23. Qxf7+ Kxf7 1/2-1/2

[Event "Techirghiol"]
[Site "Techirghiol"]
[Date "1998.??.??"]
[Round "?"]
[White "Kutnik, Alexandru"]
[Black "Florescu, Codrut-Constantin"]
[Result "1/2-1/2"]
[WhiteElo "2230"]
[BlackElo "2320"]
[PlyCount "112"]
[EventDate "1998.09.??"]
[EventType "tourn"]
[EventRounds "13"]
[EventCountry "ROM"]

1. e4 c5 2. g3 Nc6 3. Bg2 g6 4. f4 Bg7 5. Nf3 e6 6. O-O Nge7 7. d3 O-O 8. c3 b6
9. Be3 d5 10. e5 Bb7 11. Bf2 Qd7 12. Na3 d4 13. c4 a6 14. Re1 Rad8 15. Qe2 Nf5
16. Nc2 h5 17. Rad1 b5 18. b3 bxc4 19. bxc4 Rb8 20. Rb1 Ba8 21. Ng5 Qc7 22. Qd2
Rb6 23. Ne4 Rfb8 24. Na3 Nb4 25. Rb3 Bf8 26. Reb1 Be7 27. h3 Kg7 28. Kh2 Ne3
29. Bf3 Bc6 30. Kg1 Ba4 31. R3b2 Nbc2 32. Rxb6 Rxb6 33. Rxb6 Qxb6 34. Nxc2 Bxc2
35. Bxe3 Qb1+ 36. Kf2 dxe3+ 37. Kxe3 h4 38. g4 Bd8 39. Nf2 Bc7 40. Bd1 Bxd1 41.
Nxd1 g5 42. Nf2 Qg1 43. Ke2 Qg3 44. fxg5 Bxe5 45. Qe3 Bd4 46. Qf3 Bxf2 47. Qxf2
Qxh3 48. Qf6+ Kg8 49. Qf3 Qh2+ 50. Kf1 Qxa2 51. g6 Qa1+ 52. Kg2 fxg6 53. g5
Qb2+ 54. Kh3 Kg7 55. Qf4 Qb7 56. Qe5+ Kh7 1/2-1/2

[Event "Techirghiol"]
[Site "Techirghiol"]
[Date "1998.??.??"]
[Round "?"]
[White "Solcanean, Serghei"]
[Black "Florescu, Codrut-Constantin"]
[Result "1-0"]
[WhiteElo "2160"]
[BlackElo "2320"]
[PlyCount "53"]
[EventDate "1998.09.??"]
[EventType "tourn"]
[EventRounds "13"]
[EventCountry "ROM"]

1. d4 d5 2. c4 c6 3. Nf3 Nf6 4. Nc3 e6 5. Bg5 h6 6. Bxf6 Qxf6 7. e3 Nd7 8. Qb3
Qd8 9. Bd3 Be7 10. O-O O-O 11. Rfe1 Re8 12. e4 dxe4 13. Nxe4 Nf6 14. Rad1 Nxe4
15. Bxe4 Qc7 16. Bb1 Bf8 17. Qe3 g6 18. Ne5 Bg7 19. Qf3 Rf8 20. h3 b6 21. Qf4
Bxe5 22. dxe5 Kh7 23. Rd6 Bd7 24. Qf6 Rae8 25. h4 h5 26. Re4 Bc8 27. Qf3 1-0

[Event "Semifinale  98"]
[Site "Slanic - Moldova"]
[Date "1998.05.??"]
[Round "2"]
[White "Florescu, Codrut-Constantin"]
[Black "Anuta, Laurentiu "]
[Result "1/2-1/2"]
[WhiteElo "2310"]
[BlackElo "2125"]
[PlyCount "113"]
[EventDate "1998.05.??"]
[EventType "swiss"]
[EventRounds "7"]
[EventCountry "ROM"]

1. Nf3 d5 2. c4 Nf6 3. cxd5 Nxd5 4. e4 Nb6 5. d4 Bg4 6. Be2 e6 7. O-O Be7 8.
Nc3 O-O 9. h3 Bh5 10. g4 Bg6 11. Ne5 Bf6 12. f4 h6 13. Be3 Bh7 14. Qb3 N8d7 15.
Rad1 c6 16. Bf3 Be7 17. Kg2 Qc7 18. Nxd7 Nxd7 19. f5 exf5 20. gxf5 Bh4 21. Ne2
Kh8 22. Kh1 Rae8 23. Rg1 Qb6 24. Qc3 Bf6 25. Qd2 Rd8 26. Qc1 Qa5 27. a3 Rde8
28. Ng3 Rg8 29. Qc4 Rgf8 30. Nh5 Bxf5 31. Nxf6 Nxf6 32. Bd2 Be6 33. Qxe6 Rxe6
34. Bxa5 Nxe4 35. Bxe4 Rxe4 36. d5 cxd5 37. Rxd5 Rfe8 38. Bc3 f6 39. Rd7 R8e7
40. Rxe7 Rxe7 41. Rg3 Rd7 42. Kg2 Kh7 43. Kf2 Kg8 44. Ke3 Kf7 45. Bd4 a6 46. b4
Ke6 47. h4 g5 48. Rg1 Rd5 49. hxg5 hxg5 50. Rh1 Rd7 51. Rh6 Rf7 52. Ke4 b5 53.
Rg6 Rf8 54. Be3 Re8 55. Bd4 Rf8 56. Rg7 Rh8 57. Rg6 1/2-1/2

[Event "?"]
[Site "?"]
[Date "1998.??.??"]
[Round "?"]
[White "Florescu, Codrut-Constantin"]
[Black "Soltanici, Ruslan"]
[Result "1-0"]
[WhiteElo "2320"]
[BlackElo "2055"]
[PlyCount "47"]
[Source "b/signature.htm"]
[SourceDate "3188127.01.02"]

1. e4 c5 2. Nf3 d6 3. d4 cxd4 4. Nxd4 Nf6 5. Nc3 a6 6. Bc4 e6 7. Bb3 Be7 8. g4
h6 9. Be3 Nc6 10. Rg1 Bd7 11. Qe2 b5 12. a3 Qc7 13. h4 g6 14. g5 hxg5 15. hxg5
Nh5 16. O-O-O Na5 17. f4 Nc4 18. f5 O-O-O 19. f6 Nxf6 20. gxf6 Bxf6 21. Bxc4
bxc4 22. Rdf1 Bxd4 23. Bxd4 e5 24. Nd5 1-0

[Event "?"]
[Site "?"]
[Date "1998.??.??"]
[Round "?"]
[White "Morar, Ovidiu"]
[Black "Florescu, Codrut-Constantin"]
[Result "0-1"]
[WhiteElo "2050"]
[BlackElo "2320"]
[PlyCount "114"]
[Source "b/signature.htm"]
[SourceDate "3188127.01.02"]

1. d4 Nf6 2. Bg5 e6 3. e3 b6 4. Nd2 Bb7 5. Ngf3 h6 6. Bh4 d6 7. Bd3 g5 8. Bg3
Nh5 9. h3 Nxg3 10. fxg3 Nd7 11. Qe2 a6 12. g4 Bg7 13. c3 Qe7 14. e4 c5 15. a3
Nf6 16. Rf1 Nd7 17. Qe3 b5 18. a4 cxd4 19. cxd4 bxa4 20. Rxa4 O-O 21. Nc4 Bc6
22. Ra5 d5 23. exd5 Bxd5 24. Rf2 Rfc8 25. Rc2 Qd8 26. Ra1 Rc6 27. Rac1 Rac8 28.
Nfe5 Nxe5 29. Nxe5 Rxc2 30. Rxc2 Rxc2 31. Bxc2 Qb8 32. b3 Bxe5 33. dxe5 Bxg2 {
...52} 34. Kf2 Bd5 35. h4 Qd8 36. Qd3 Qb6+ 37. Kf1 Qb5 38. Qxb5 axb5 39. hxg5
hxg5 40. b4 Kf8 41. Kf2 Ke7 42. Ke3 Kd7 43. Kd4 Bc4 44. Bd1 Kc7 45. Bf3 Kd7 46.
Ke3 Ke7 47. Kd4 f6 48. Bd1 f5 49. Bf3 Bf1 50. Kc5 Bh3 51. gxf5 exf5 52. Bd5 Bf1
53. Kd4 f4 54. Bf3 Bh3 55. Be2 g4 56. Bxb5 g3 57. Bc6 g2 0-1

[Event "?"]
[Site "?"]
[Date "1998.??.??"]
[Round "?"]
[White "Romcovici, Victor"]
[Black "Florescu, Codrut-Constantin"]
[Result "1/2-1/2"]
[WhiteElo "2175"]
[BlackElo "2320"]
[PlyCount "30"]
[Source "b/signature.htm"]
[SourceDate "3188127.01.02"]

1. e4 c5 2. Nc3 Nc6 3. f4 g6 4. Nf3 Bg7 5. Bb5 Nd4 6. O-O Nxb5 7. Nxb5 d6 8. d3
a6 9. Nc3 e6 10. Qe1 Ne7 11. Ne2 O-O 12. g4 f5 13. h3 e5 14. Qg3 Kh8 15. fxe5
fxe4 1/2-1/2

[Event "?"]
[Site "?"]
[Date "1998.??.??"]
[Round "6"]
[White "Florescu, Codrut-Constantin"]
[Black "Rusan, Paul Cristian"]
[Result "1/2-1/2"]
[WhiteElo "2320"]
[BlackElo "2175"]
[PlyCount "32"]
[Source "b/signature.htm"]
[SourceDate "3188127.01.02"]

1. e4 c5 2. Nf3 Nc6 3. d4 cxd4 4. Nxd4 e5 5. Nb5 d6 6. Bc4 a6 7. N5c3 Be6 8.
Bb3 Nd4 9. Nd5 Nf6 10. Bg5 Be7 11. Bxf6 Bxf6 12. c3 Nxb3 13. axb3 O-O 14. O-O
Bg5 15. c4 g6 16. Nbc3 f5 1/2-1/2

[Event "?"]
[Site ";"]
[Date "1998.??.??"]
[Round "?"]
[White "Florescu, Codrut-Constantin"]
[Black "Furca, Aurelian"]
[Result "1-0"]
[WhiteElo "2320"]
[BlackElo "1645"]
[PlyCount "63"]
[Source "b/signature.htm"]
[SourceDate "3188127.01.02"]

1. e4 e5 2. f4 d6 3. Nf3 Nc6 4. Bb5 Bd7 5. O-O Nf6 6. d3 Ne7 7. Bc4 exf4 8. Nc3
Be6 9. Bxe6 fxe6 10. d4 Ng6 11. Qe2 c6 12. d5 cxd5 13. exd5 e5 14. Ng5 Be7 15.
Ne6 Qb6+ 16. Kh1 Kf7 17. Ng5+ Ke8 18. a4 a6 19. a5 Qa7 20. Ra3 Rc8 21. Rb3 Nxd5
22. Nxd5 Bxg5 23. Qg4 Rc5 24. Nb6 Be7 25. Be3 Rb5 26. Rc3 Kf7 27. Qf5+ Bf6 28.
Rc7+ Ne7 29. Nd5 Qb8 30. Rxe7+ Kf8 31. Rxg7 Qd8 32. Rd7 1-0

[Event "Deva"]
[Site "?"]
[Date "1998.??.??"]
[Round "1"]
[White "Gheorghiu, Ligia"]
[Black "Florescu, Codrut-Constantin"]
[Result "0-1"]
[WhiteElo "2015"]
[BlackElo "2320"]
[PlyCount "62"]
[EventDate "1998.??.??"]
[Source "b/signature.htm"]
[SourceDate "3188127.01.02"]

1. e4 c5 2. c3 Nf6 3. e5 Nd5 4. d4 cxd4 5. cxd4 e6 6. Nf3 b6 7. Bd3 d6 8. Bg5
Be7 9. Bxe7 Qxe7 10. Nbd2 O-O 11. O-O Nf4 12. Bc2 Ba6 13. Re1 d5 14. Nf1 Nc6
15. Qd2 Ng6 16. Rac1 Rac8 17. Ne3 Qb4 18. Qxb4 Nxb4 19. Bb1 Nf4 20. Rxc8 Rxc8
21. a3 Nbd3 22. Bxd3 Nxd3 23. Rb1 Nxb2 24. Nd2 Na4 25. g3 Rc3 26. Rb3 Kf8 27.
Rxc3 Nxc3 28. Nc2 Bd3 29. Nb4 Bb5 30. Kg2 a5 31. Nc2 Ba4 0-1

[Event "R.3/3"]
[Site "?"]
[Date "1998.??.??"]
[Round "2"]
[White "Florescu, Codrut-Constantin"]
[Black "Rasinaru, Gheorghe"]
[Result "1/2-1/2"]
[WhiteElo "2320"]
[BlackElo "2165"]
[PlyCount "47"]
[EventDate "1998.??.??"]

1. e4 e5 2. Nf3 Nc6 3. Nc3 Be7 4. d4 d6 5. Bb5 exd4 6. Nxd4 Bd7 7. Bxc6 bxc6 8.
O-O Nf6 9. Be3 c5 10. Nde2 Bc6 11. Ng3 O-O 12. Qd3 Qd7 13. Nf5 Rfe8 14. Bg5 Bd8
15. Qg3 Nh5 16. Qg4 g6 17. Rae1 Bxg5 18. Qxg5 Qd8 19. Qh6 Qf6 20. Re3 gxf5 21.
Qxh5 fxe4 22. Rfe1 Re5 23. Qg4+ Rg5 24. Nxe4 1/2-1/2

[Event "R.6/4,Deva-29.07"]
[Site "?"]
[Date "1998.??.??"]
[Round "4"]
[White "Ambrus, Endre"]
[Black "Florescu, Codrut-Constantin"]
[Result "1-0"]
[WhiteElo "2260"]
[BlackElo "2320"]
[PlyCount "51"]
[EventDate "1998.??.??"]
[Source "b/signature.htm"]
[SourceDate "3188127.01.02"]

1. e4 c5 2. Nf3 e6 3. d3 d5 4. Nbd2 Nc6 5. c3 Bd6 6. Be2 Nge7 7. O-O O-O 8. a3
d4 9. cxd4 cxd4 10. Nc4 Bc7 11. a4 Rb8 12. Qe1 b5 13. axb5 Rxb5 14. Bd1 Rb8 15.
Bd2 f6 16. Kh1 e5 17. Ng1 Be6 18. b4 Qc8 19. Ba4 a6 20. Ne2 Na7 21. f4 Qb7 22.
Nc1 Nac6 23. Rb1 Na5 24. Nxa5 Bxa5 25. Bb3 Bxb3 26. bxa5 1-0

[Event "Revelion'98/99"]
[Site "?"]
[Date "1998.??.??"]
[Round "?"]
[White "Cristian, Gheorghe"]
[Black "Florescu, Codrut-Constantin"]
[Result "0-1"]
[WhiteElo "1745"]
[BlackElo "2320"]
[PlyCount "44"]
[EventDate "1998.??.??"]
[Source "b/signature.htm"]
[SourceDate "3188127.01.02"]

{98/99 98/99} 1. e4 c5 2. c3 Nf6 3. e5 Nd5 4. d4 cxd4 5. cxd4 e6 6. Nf3 b6 7.
Bc4 Ba6 8. Bxa6 Nxa6 9. O-O Be7 10. Bd2 O-O 11. Nc3 Nxc3 12. Bxc3 Nc7 13. Rc1
Nd5 14. Qd2 a5 15. Qd3 Qb8 16. a4 Qb7 17. Nd2 Nf4 18. Qe4 Qxe4 19. Nxe4 Ne2+
20. Kh1 Nxc1 21. Rxc1 Rfc8 22. f4 Rc4 0-1

[Event "Revelion'98/99"]
[Site "?"]
[Date "1998.??.??"]
[Round "?"]
[White "Florescu, Codrut-Constantin"]
[Black "Munteanu, Gavril Dorel"]
[Result "1-0"]
[WhiteElo "2320"]
[BlackElo "1730"]
[PlyCount "99"]
[EventDate "1998.??.??"]
[Source "b/signature.htm"]
[SourceDate "3188127.01.02"]

{98/99 98/99} 1. e4 e5 2. Nf3 Nf6 3. d4 exd4 4. e5 Ne4 5. Qxd4 d5 6. exd6 Nxd6
7. Bg5 Nc6 8. Qe4+ Be7 9. Bxe7 Qxe7 10. Qxe7+ Kxe7 11. Nc3 Bf5 12. O-O-O Rhd8
13. Bd3 Bxd3 14. Rxd3 Nb4 15. Rd4 c5 16. Rf4 f6 17. a3 Nc6 18. Nb1 Kd7 19. Rd1
Re8 20. b4 cxb4 21. axb4 Rad8 22. Rh4 Rh8 23. Rg4 Rhg8 24. b5 Ne7 25. Ra4 Nd5
26. Rxd5 Ke6 27. Rh5 Ra8 28. Nd4+ Kf7 29. Rxh7 Rgc8 30. Rh5 Ne4 31. Nf5 Nc3 32.
Rg4 g5 33. Rh3 Nxb5 34. Rb4 a6 35. g4 Rc5 36. Rh7+ Ke6 37. Re7+ Kd5 38. Rxb7
Re8 39. Ne3+ Kc6 40. Rf7 Re6 41. Kb2 a5 42. Rc4 Nd6 43. Rxc5+ Kxc5 44. Rc7+ Kb5
45. c4+ Kb6 46. Nd5+ Ka6 47. Rc6+ Kb7 48. Rb6+ Kc8 49. Kb3 Kd7 50. f3 {...} 1-0

[Event "Revelion'98/99"]
[Site "?"]
[Date "1998.??.??"]
[Round "?"]
[White "Pachia, Mihai"]
[Black "Florescu, Codrut-Constantin"]
[Result "0-1"]
[WhiteElo "1775"]
[BlackElo "2320"]
[PlyCount "110"]
[EventDate "1998.??.??"]
[Source "b/signature.htm"]
[SourceDate "3188127.01.02"]

{98/99 98/99} 1. e4 c5 2. Nf3 e6 3. d3 Nc6 4. g3 d5 5. Nbd2 Bd6 6. Bg2 Nge7 7.
O-O O-O 8. Qe2 Bc7 9. Re1 Rb8 10. Nb3 b6 11. h4 a5 12. h5 h6 13. Nbd2 e5 14.
exd5 Nxd5 15. Nc4 Bg4 16. Qf1 Re8 17. Nh4 Nd4 18. Bxd5 Qxd5 19. Ne3 Qd7 20.
Nxg4 Qxg4 21. c3 Nf3+ 22. Nxf3 Qxf3 23. Qe2 Qxe2 24. Rxe2 Rbd8 25. Rd2 Rd5 26.
Kf1 Re6 27. b3 Rf6 28. Bb2 Rf5 29. c4 Rd7 30. Re1 Rxh5 31. Ke2 Rf5 32. Kd1 Rf3
33. Kc2 f6 34. Ree2 Kf7 35. Re1 h5 36. Ree2 Rd8 37. Re1 Rh8 38. Rh1 g5 39. Re2
Kg6 40. Bc1 Rd8 41. Rd1 Rd7 42. Red2 h4 43. gxh4 gxh4 44. Rh1 h3 45. Kd1 Rdxd3
46. Rxd3 Rxd3+ 47. Ke2 e4 48. Be3 f5 49. f4 a4 50. Rxh3 Bxf4 51. Rf3 Rxe3+ 52.
Rxe3 Bxe3 53. Kxe3 axb3 54. axb3 Kg5 55. Kd2 Kf4 0-1

[Event "Revelion'98/99"]
[Site "?"]
[Date "1998.??.??"]
[Round "?"]
[White "Zetocha, Claudiu"]
[Black "Florescu, Codrut-Constantin"]
[Result "1-0"]
[WhiteElo "2320"]
[BlackElo "2400"]
[PlyCount "95"]
[EventDate "1998.??.??"]
[Source "b/signature.htm"]
[SourceDate "3188127.01.02"]

{98/99 98/99} 1. e4 c5 2. Nf3 e6 3. c4 Nc6 4. Nc3 e5 5. Be2 d6 6. a3 f5 7. b4
fxe4 8. Nxe4 Nf6 9. Nxf6+ Qxf6 10. Bb2 Be7 11. O-O O-O 12. b5 Nd8 13. d3 Qg6
14. Nd2 Ne6 15. Ne4 Nf4 16. Bf3 Be6 17. Bc1 Rf7 18. Bxf4 Rxf4 19. Ng3 Rb8 20.
Be4 Qe8 21. Qa4 a6 22. Rab1 Qd7 23. Qc2 axb5 24. Rxb5 d5 25. cxd5 Qxb5 26. dxe6
g6 27. Rb1 Qa6 28. Ne2 Rxe4 29. dxe4 Qxe6 30. Nc3 Qc4 31. Qb2 Bf8 32. a4 Bg7
33. Rd1 Qb4 34. Qc2 Rf8 35. Nd5 Qa5 36. Qc4 Kh8 37. h3 Ra8 38. Rb1 Qxa4 39.
Qxc5 Qc6 40. Qe7 b5 41. Nc7 Qxe4 42. Rc1 Rg8 43. Ne6 Qf5 44. Nxg7 Rxg7 45. Rc8+
Rg8 46. Rc7 g5 47. g4 Qb1+ 48. Kh2 1-0

[Event "Romania (ch) 75/(227)"]
[Site "?"]
[Date "1998.??.??"]
[Round "?"]
[White "Nanu, Ciprian-Costica"]
[Black "Florescu, Codrut-Constantin"]
[Result "*"]
[WhiteElo "2405"]
[BlackElo "2320"]
[Annotator "Florescu,C"]
[PlyCount "48"]
[EventDate "1998.??.??"]

1. e4 c5 2. Nf3 d6 3. d4 cxd4 4. Nxd4 Nf6 5. Nc3 e6 6. Be3 a6 7. Bc4 b5 8. Bb3
b4 9. Na4 Nxe4 10. Nxe6 $5 fxe6 $8 (10... Bxe6 $2 11. Bd5 $18) 11. Nb6 Bb7 $8
12. Bxe6 $5 $146 {[/\ Bd5+-]} (12. Nxa8) 12... Nc5 $1 {[]} (12... Nc6 $2 13.
Qd5 Nf6 $140 $4 14. Bf7+ Ke7 15. Qe6# {#}) 13. Bxc5 dxc5 14. Qh5+ g6 15. Qe5
Qd6 $1 16. Bd7+ Kd8 $1 17. Qxh8 (17. Qe8+ $2 Kc7 18. Nxa8+ Bxa8 19. Qc8+ Kb6
$19) 17... Qe7+ $1 18. Kf1 Nxd7 19. Rd1 $1 Bc6 $1 20. Nxa8 Bxa8 21. f3 $6 (21.
h4 $1 Qg7 $5 $15 (21... Kc7 22. Rh3 $44)) 21... Bc6 22. Kf2 Kc7 23. h4 (23.
Rhe1 Qh4+ 24. Kg1 Bd6 $40) 23... Bg7 24. Qg8 Bxb2 $19 *

[Event "Coca Cola op"]
[Site "Olanesti"]
[Date "1997.??.??"]
[Round "6"]
[White "Moraru, Marius"]
[Black "Florescu, Codrut-Constantin"]
[Result "1/2-1/2"]
[WhiteElo "2290"]
[BlackElo "2390"]
[PlyCount "48"]
[EventDate "1997.11.??"]
[EventType "swiss"]
[EventRounds "9"]
[EventCountry "ROM"]

1. e4 e5 2. Nf3 Nc6 3. Bb5 a6 4. Ba4 Nf6 5. O-O Be7 6. Re1 b5 7. Bb3 O-O 8. c3
d5 9. exd5 Nxd5 10. Nxe5 Nxe5 11. Rxe5 c6 12. d4 Bd6 13. Re1 Qh4 14. g3 Qh3 15.
Re4 g5 16. Qf1 Qxf1+ 17. Kxf1 Bf5 18. Re1 Rae8 19. Be3 Bh3+ 20. Kg1 f5 21. Na3
f4 22. Bd2 Kg7 23. Bxd5 cxd5 24. Nc2 Bf5 1/2-1/2

[Event "Coca Cola op"]
[Site "Olanesti"]
[Date "1997.??.??"]
[Round "7"]
[White "Florescu, Codrut-Constantin"]
[Black "Bondoc, Dan Vladimir"]
[Result "1/2-1/2"]
[WhiteElo "2390"]
[BlackElo "2295"]
[PlyCount "108"]
[EventDate "1997.11.??"]
[EventType "swiss"]
[EventRounds "9"]
[EventCountry "ROM"]

1. e4 Nf6 2. e5 Nd5 3. c4 Nb6 4. d4 d6 5. exd6 cxd6 6. Nc3 g6 7. Be3 Bg7 8. Rc1
O-O 9. b3 Nc6 10. d5 Ne5 11. Be2 f5 12. f4 Ng4 13. Bxg4 fxg4 14. Nge2 e6 15.
dxe6 Bxe6 16. O-O Qd7 17. Bd4 Rad8 18. Qd2 d5 19. c5 Nc8 20. Rfd1 h5 21. b4 Bh6
22. Be5 Kh7 23. Nd4 Bg8 24. Rf1 Rde8 25. Rce1 a6 26. g3 Re7 27. Re2 Rfe8 28.
Rfe1 Na7 29. Qd3 Bf7 30. Re3 Nc8 31. Bf6 Rxe3 32. Rxe3 Bf8 33. a3 Na7 34. Re5
Rxe5 35. Bxe5 Qc8 36. Qe3 Qd7 37. Bf6 Nc6 38. Nxc6 bxc6 39. Bd4 Qf5 40. Qe5
Qxe5 41. Bxe5 Be6 42. Ne2 Kg8 43. Nd4 Bd7 44. Kf2 Kf7 45. Ke3 a5 46. Kd3 axb4
47. axb4 Ke8 48. Kc3 Kd8 49. Bf6+ Kc8 50. Ne2 Kb7 51. Kd4 Ka6 52. Nc3 Bc8 53.
Ne2 Kb5 54. Kc3 Ka4 1/2-1/2

[Event "?"]
[Site "?"]
[Date "1997.??.??"]
[Round "?"]
[White "Florescu, Codrut-Constantin"]
[Black "Ciobanu, Aurelian"]
[Result "1-0"]
[WhiteElo "2300"]
[BlackElo "2215"]
[PlyCount "73"]
[Source "b/signature.htm"]
[SourceDate "3188127.01.02"]

1. e4 c5 2. Nf3 a6 3. b4 cxb4 4. a3 bxa3 5. d4 d6 6. Bd3 g6 7. h3 Bg7 8. Nxa3
Nf6 9. O-O O-O 10. Bg5 Nc6 11. Qd2 e5 12. d5 Na5 13. Rfb1 Qc7 14. Qb4 b5 15.
Bd2 Nb7 16. Nxb5 Qe7 17. Be3 Nxe4 18. Bxe4 f5 19. Nd2 Rf7 20. Na7 Nc5 21. Nxc8
Rxc8 22. Bxc5 Rxc5 23. c4 Bh6 24. Bc2 e4 25. Rxa6 Bf4 26. Nf1 Rc8 27. Rb6 Be5
28. Rb8 Rxb8 29. Qxb8+ Kg7 30. Qb6 h5 31. Rd1 h4 32. Qe3 g5 33. Qe2 Qf6 34. f3
Bd4+ 35. Kh1 e3 36. Nxe3 Qe5 37. Rxd4 1-0

[Event "?"]
[Site "?"]
[Date "1997.??.??"]
[Round "?"]
[White "Florescu, Codrut-Constantin"]
[Black "Moraru, Marius"]
[Result "1-0"]
[WhiteElo "2300"]
[BlackElo "2240"]
[PlyCount "55"]
[Source "b/signature.htm"]
[SourceDate "3188127.01.02"]

1. e4 Nf6 2. e5 Nd5 3. c4 Nb6 4. c5 Nd5 5. Nc3 e6 6. Nxd5 exd5 7. d4 d6 8. cxd6
cxd6 9. Nf3 dxe5 10. Nxe5 Bb4+ 11. Bd2 Bxd2+ 12. Qxd2 O-O 13. Bd3 Nc6 14. Nxc6
bxc6 15. O-O Be6 16. f4 Qb6 17. Kh1 Rab8 18. f5 Bd7 19. f6 h6 20. fxg7 Kxg7 21.
Qf4 f5 22. Qe5+ Kg8 23. Bxf5 Bxf5 24. Rxf5 Rxf5 25. Qxf5 Qc7 26. Rf1 Qg7 27.
Qe6+ Kh8 28. Rf6 1-0

[Event "?"]
[Site "?"]
[Date "1997.??.??"]
[Round "?"]
[White "Florescu, Codrut-Constantin"]
[Black "Prodileanu, Adrian"]
[Result "1-0"]
[WhiteElo "2300"]
[BlackElo "1775"]
[PlyCount "76"]
[Source "b/signature.htm"]
[SourceDate "3188127.01.02"]

1. e4 c6 2. d4 d5 3. Nc3 dxe4 4. Nxe4 Nd7 5. Nf3 Ngf6 6. Nxf6+ Nxf6 7. Bc4 Bf5
8. Ne5 e6 9. c3 Bd6 10. Qe2 Qc7 11. O-O O-O 12. Bf4 b5 13. Bb3 Rab8 14. Rac1 c5
15. c4 cxd4 16. c5 Bxe5 17. Bxe5 Qc6 18. Bxd4 Rfd8 19. Rfd1 Rbc8 20. f3 a5 21.
Bf2 Nd5 22. Bxd5 exd5 23. Qd2 Ra8 24. Re1 Be6 25. Bd4 f6 26. Qf4 Rac8 27. h4
Qd7 28. Qd2 a4 29. Qa5 Qc6 30. Qb6 Kf7 31. b3 axb3 32. axb3 Bd7 33. Qa5 Ra8 34.
Qd2 Re8 35. h5 f5 36. Rxe8 Rxe8 37. Re1 Ra8 38. h6 g6 {... 51 1-0} 1-0

[Event "Calimanesti op"]
[Site "Calimanesti"]
[Date "1997.??.??"]
[Round "?"]
[White "Florescu, Codrut-Constantin"]
[Black "Olarasu, Gabriela"]
[Result "1-0"]
[WhiteElo "2300"]
[BlackElo "2305"]
[PlyCount "69"]
[EventDate "1997.01.??"]
[EventType "swiss"]
[EventRounds "9"]
[EventCountry "ROM"]

1. e4 e5 2. Nf3 Nc6 3. Nc3 Nf6 4. g3 d5 5. exd5 Nxd5 6. Bg2 Nxc3 7. bxc3 Bd6 8.
O-O O-O 9. Rb1 Rb8 10. d4 exd4 11. Nxd4 Nxd4 12. cxd4 c6 13. c4 Bf5 14. Rb3 Qd7
15. Re1 b5 16. c5 Bc7 17. Rbe3 Be6 18. d5 cxd5 19. Qd4 Bd8 20. Rf3 Bf5 21. c6
Qc8 22. c7 Bxc7 23. Bb2 f6 24. Qxd5+ Kh8 25. Qxf5 Ba5 26. Qxc8 Rbxc8 27. Rc1
Rxc1+ 28. Bxc1 Rc8 29. Be3 Rc2 30. Rf5 Rxa2 31. Rxb5 Ra1+ 32. Bf1 Bb6 33. Bxb6
axb6 34. Rxb6 Ra8 35. h4 1-0

[Event "Calimanesti op"]
[Site "Calimanesti"]
[Date "1997.??.??"]
[Round "?"]
[White "Istrate, Bogdan"]
[Black "Florescu, Codrut-Constantin"]
[Result "0-1"]
[WhiteElo "2345"]
[BlackElo "2300"]
[PlyCount "82"]
[EventDate "1997.01.??"]
[EventType "swiss"]
[EventRounds "9"]
[EventCountry "ROM"]

1. Nf3 Nc6 2. d4 d6 3. c4 g6 4. g3 Bg7 5. Bg2 Nf6 6. O-O O-O 7. Nc3 Rb8 8. h3
Bd7 9. e4 e5 10. d5 Ne7 11. Ne1 Nh5 12. Nd3 Qe8 13. Rb1 f5 14. exf5 gxf5 15.
Bg5 Nf6 16. f4 e4 17. Ne1 b5 18. Nc2 bxc4 19. Ne3 Rb4 20. a3 Rb7 21. Rf2 Qf7
22. Bf1 Rfb8 23. Qd2 h6 24. Bh4 Ng6 25. Nxc4 Rb3 26. Na5 Ng4 27. Nxb3 e3 28.
Qc1 exf2+ 29. Kh1 Nxh4 30. hxg4 Rxb3 31. gxh4 Qe7 32. Qd1 Qxh4+ 33. Kg2 fxg4
34. Qxb3 Bd4 35. Ne2 Bf5 36. Qb8+ Kh7 37. Qxc7+ Bg7 38. Nc3 g3 39. Be2 Qh2+ 40.
Kf3 g2 41. Qf7 Bxb1 0-1

[Event "?"]
[Site "?"]
[Date "1997.??.??"]
[Round "?"]
[White "Adam, Ioan"]
[Black "Florescu, Codrut-Constantin"]
[Result "1/2-1/2"]
[WhiteElo "2175"]
[BlackElo "2300"]
[PlyCount "67"]
[EventDate "1997.08.07"]
[EventRounds "59"]
[EventCountry "AND"]
[EventCategory "196"]

1. e4 c5 2. Nf3 e6 3. d4 cxd4 4. Nxd4 Nf6 5. Nc3 d6 6. g3 b6 7. Bg2 Bb7 8. O-O
a6 9. h3 Qc7 10. Nde2 Be7 11. g4 h6 12. Ng3 Nbd7 13. f4 g6 14. Qe2 Rc8 15. Bd2
Qc4 16. Qf2 e5 17. a3 d5 18. exd5 Bc5 19. Be3 exf4 20. Bxc5 Qxc5 21. Qxc5 Rxc5
22. Rxf4 O-O 23. Rd1 Re8 24. Kf2 Re5 25. Nge4 Nxe4+ 26. Rxe4 Rxe4 27. Bxe4 Kg7
28. Ke3 b5 29. Bg2 Nb6 30. Kd4 Rc4+ 31. Kd3 Rc5 32. b3 Rc8 33. Kd4 Kf8 34. Rd2
1/2-1/2